Statystyki dla Ekipa Fantasy - Członkowie

Kliknij tutaj aby rozwiązać quiz!

Ogólne statystyki

  • Ten quiz został rozwiązany 452 razy
  • Średni wynik to 6 z 7

Statystyki odpowiedzi

SubsOdpowiedź% Poprawnych
871 958Lachu
99%
368 712Koza Sport
96%
498 877DΞV
93%
476 035Kamyk
93%
670 668Jcob
92%
460 269Vibe
91%
432 596N3jxiom
85%

Rozkład punktacji

Percentyl według liczby udzielonych odpowiedzi

Procent ludzi z każdym wynikiem

Twoja historia wyników

Nie rozwiązałeś tego quizu